[Event "Paris Apsap op 58th"]
[Site "Paris"]
[Date "2002.??.??"]
[Round "3"]
[White "Leuly, Max"]
[Black "Caroff, Frederic"]
[Result "1-0"]
[WhiteElo "2179"]
[BlackElo "2083"]
[PlyCount "129"]
[EventDate "2003.01.27"]
[EventType "swiss"]
[EventRounds "9"]
[EventCountry "FRA"]
[SourceTitle "EXT 2004"]
[Source "ChessBase"]
[SourceDate "2003.11.25"]
[SourceVersion "1"]
[SourceVersionDate "2003.11.25"]
[SourceQuality "1"]

1. d4 Nf6 2. Nf3 g6 3. c4 Bg7 4. Nc3 0-0 5. e4 d6 6. Be2 e5 7. 0-0 Nc6 8. d5 Ne7 9. Ne1 Nd7 10. Nd3 f5 11. Bd2 Nf6 12. f3 f4 13. c5 g5 14. cxd6 cxd6 15. Nf2 h5 16. h3 Ng6 17. Qc2 g4 18. fxg4 hxg4 19. hxg4 Rf7 20. Rfc1 Ne8 21. a4 Bf6 22. Ncd1 Bh4 23. Ra3 Rc7 24. Rc3 Rxc3 25. Qxc3 Bg3 26. Nh3 Qh4 27. Ndf2 Bd7 28. b3 Rc8 29. Qf3 Rxc1+ 30. Bxc1 Nf6 31. Ba3 Ne8 32. Qc3 Bxf2+ 33. Nxf2 Qd8 34. Kf1 Qb6 35. g5 a5 36. Bg4 Qd8 37. Bxd7 Qxd7 38. Qxa5 Nh4 39. Qc3 Qd8 40. Qh3 Qxg5 41. Qe6+ Kf8 42. Bxd6+ Nxd6 43. Qxd6+ Kg8 44. Qe6+ Kf8 45. Qc8+ Ke7 46. Qxb7+ Kd8 47. Qb6+ Kc8 48. Qe6+ Kb8 49. Qg4 Qh6 50. Qg8+ Ka7 51. Ng4 Qh5 52. Qg7+ Ka8 53. d6 Ng6 54. Nf2 f3 55. gxf3 Qg5 56. Qg8+ Ka7 57. Qf7+ Ka8 58. Qd5+ Kb8 59. d7 Kc7 60. d8Q+ Qxd8 61. Qxd8+ Kxd8 62. Nd3 Kc7 63. Ke2 Kb6 64. b4 Ka6 65. Kd2 1-0